College Football Passing Leaders - Statistics

General Stats
  • This quiz has been taken 16 times
  • The average score is 65 of 160
Answer Stats
Player % Correct
Caleb Williams
100%
Demond Williams
100%
Jayden Daniels
91%
Michael Penix
91%
Shedeur Sanders
91%
Baker Mayfield
82%
Bo Nix
82%
Cade Klubnik
82%
Cam Ward
82%
Drake Maye
82%
Jaxson Dart
82%
Will Howard
82%
Aaron Murray
73%
Bryce Young
73%
C.J. Stroud
73%
Deshaun Watson
73%
Dillon Gabriel
73%
Garrett Nussmeier
73%
Jared Goff
73%
Joe Burrow
73%
Kyle McCord
73%
Kyler Murray
73%
Lamar Jackson
73%
Max Duggan
73%
Patrick Mahomes
73%
Quinn Ewers
73%
Trevor Lawrence
73%
Tua Tagovailoa
73%
Carson Beck
64%
Geno Smith
64%
Joey Aguilar
64%
Kenny Pickett
64%
Mac Jones
64%
Stetson Bennett
64%
Jalen Hurts
55%
Johnny Manziel
55%
Landry Jones
55%
Marcus Mariota
55%
Robert Griffin III
55%
Ty Simpson
55%
Brock Purdy
45%
Gardner Minshew
45%
Jameis Winston
45%
Josh Rosen
45%
Kevin Jennings
45%
Spencer Rattler
45%
Taulia Tagovailoa
45%
Taylen Green
45%
Zach Wilson
45%
Andrew Luck
36%
Dak Prescott
36%
Darian Mensah
36%
Dwayne Haskins
36%
Josh Hoover
36%
Justin Herbert
36%
Kyle Trask
36%
Mason Rudolph
36%
Matt Corral
36%
Mitchell Trubisky
36%
Rocco Becht
36%
Russell Wilson
36%
Ryan Tannehill
36%
Sawyer Robertson
36%
Teddy Bridgewater
36%
Trace McSorley
36%
Tyler Wilson
36%
Aidan O'Connell
27%
Athan Kaliakmanis
27%
Brandon Weeden
27%
Chad Kelly
27%
Ian Book
27%
Jayden Maiava
27%
Sam Darnold
27%
Sam Ehlinger
27%
Sam Hartman
27%
Taylor Kelly
27%
Bryce Perkins
18%
Drew Lock
18%
Dylan Thompson
18%
Nick Foles
18%
Sam Howell
18%
Trevone Boykin
18%
Will Grier
18%
Will Rogers
18%
Alan Bowman
9%
Anthony Gordon
9%
Blaine Gabbert
9%
Bryce Petty
9%
Connor Halliday
9%
David Blough
9%
Devin Leary
9%
Jerod Evans
9%
Jordan Ta'amu
9%
Mike Glennon
9%
Ryan Finley
9%
Tajh Boyd
9%
Anu Solomon
0%
Brennan Armstrong
0%
Brett Hundley
0%
Brock Osweiler
0%
Cody Kessler
0%
Davis Webb
0%
D'Eriq King
0%
Jake Waters
0%
Jayden de Laura
0%
Kedon Slovis
0%
Luke Falk
0%
Mike Bercovici
0%
Nick Florence
0%
Nic Shimonek
0%
Ryan Mallett
0%
Ryan Nassib
0%
Sean Mannion
0%
Seth Doege
0%
Taylor Cornelius
0%
Taylor Potts
0%
T.J. Yates
0%
No matching quizzes found
Score Distribution
Percent of People with Each Score
Percentile by Number Answered
Your Score History
You have not taken this quiz